Ökonomie und Ökologie der Naturnutzun Ausgewähne Probleme

Saved in:
Bibliographic Details
Other Authors: Graf, Dieter
Format: Book
Language:German
Published: Jena Fischer 1984
Tags: Add Tag
No Tags, Be the first to tag this record!

MARC

LEADER 00000nam a2200000 4500
001 c106644
005 20230117082436.2
041 0 |a ger 
044 |a DE 
245 1 0 |a Ökonomie und Ökologie der Naturnutzun Ausgewähne Probleme  |c Herausgegeben von Dieter Graf 
264 1 |a Jena  |b Fischer  |c 1984 
300 |a 216 s. 
700 1 |a Graf, Dieter